000 00601nam a2200205 i 4500
001 90775
003 ES-MaACL
005 20250808062532.0
007 t|
008 050124s1962 sp ||||1| spa d
100 1 _aLeclercq, Jacques.
_971094
245 1 0 _aHacia la unión de las Iglesias /
_cJacques Leclercq ; versión española de José Luis Albizu.
260 _aSan Sebastián :
_bDinor,
_c1962.
300 _a179 p. ;
_c19 cm.
490 1 _aPrisma
700 1 _aAlbizu, José Luis.
_919396
830 0 0 _aPrisma
_9180749
852 _aES-MaACL
_jC-22265
_bR.50891
999 _c90775
_d90775